El racismo escolar : debates educativos y crónicas /

Detalles Bibliográficos
Autores principales: Caicedo Ortiz, José Antonio (Autor), Castillo Guzmán, Elizabeth (Autor)
Formato: Electrónico eBook
Lenguaje:español
Publicado: Popayán, Colombia : Editorial Universidad del Cauca, 2022.
Edición:Primera edición en español.
Materias:
Acceso en línea:Digitalia Hispánica

MARC

LEADER 00000nam a2200000 i 4500
001 DIGUCAUCA0140
003 NyNyDIG
006 m o d
007 cr |||||||||||
008 231008s2022 ck ob 001 0 spa d
035 |a (OCoLC)1394135141 
040 |a DGITA  |b eng  |e rda  |e pn  |c DGITA 
020 |a 9789587325058  |q digital 
020 |z 9789587325041  |q impreso 
043 |a s-ck--- 
050 1 4 |a LC212.3.C7 ebook 
100 1 |a Caicedo Ortiz, José Antonio,  |e author. 
245 1 3 |a El racismo escolar :  |b debates educativos y crónicas /  |c Jose Antonio Caicedo Ortiz, Elizabeth Castillo Guzmán. 
250 |a Primera edición en español. 
264 1 |a Popayán, Colombia :  |b Editorial Universidad del Cauca,  |c 2022. 
300 |a 1 online resource. 
336 |a text  |b txt  |2 rdacontent 
337 |a computer file  |b c  |2 rdamedia 
338 |a online resource  |b cr  |2 rdacarrier 
347 |a text file  |2 rdaft 
347 |b PDF 
500 |a "Apoyo 2020"--Cover. 
504 |a Includes bibliographical references and Index. 
588 0 |a Online resource; title from PDF title page (Digitalia, viewed October 8, 2023) 
650 0 |a Racism in education  |z Colombia. 
650 0 |a Black people  |x Education  |z Colombia. 
700 1 |a Castillo Guzmán, Elizabeth,  |e author. 
776 0 8 |i Print version:  |a Caicedo Ortiz, José Antonio.  |t Racismo escolar.  |b Primera edición en español.  |d Popayán, Colombia : Editorial Universidad del Cauca, 2022  |z 9789587325041 
791 2 |a Digitalia (Firm),  |e distributor. 
793 0 |g Digitalia eBook Collection:  |a Universidad del Cauca 
856 4 0 |3 Digitalia Hispánica  |u https://www.digitaliapublishing.com/a/129855/ 
910 |a Premium collection: 2023